| 000 | 00800nam0a2200253 4500 | ||
|---|---|---|---|
| 001 | RU\NLR\BIBL_A\012097159 | ||
| 005 | 20260406130830.0 | ||
| 035 | _a(NLR Aleph) 012097159 | ||
| 090 |
_a11887337 _c11887337 |
||
| 100 | _a20190920d1936 |||y0rusy50 ca | ||
| 101 | 1 |
_a9as _crus |
|
| 102 | _aRU | ||
| 105 | _ay z 000 y | ||
| 200 | 1 |
_aMin bar bal _fL. N. Ţolsţoj |
|
| 210 |
_aМосква _cГослитиздат _d1936 |
||
| 215 |
_a19 c. _d14 |
||
| 541 | 1 |
_aПосле бала _zrus |
|
| 686 | 1 | _aШ6(2=Ассир)-91Р5-4 | |
| 700 | 1 |
_4070 _8rus _7ca _aТолстой _bЛ. Н. _f1828-1910 _gЛев Николаевич _3RU\NLR\AUTH\771515 _9111537 |
|
| 852 |
_aNLR _bОНЛ _jАссир./1-1 |
||
| 852 |
_aNLR _bОНЛ _jАссир./1-1 |
||
| 942 | _cBOOK | ||
| 980 | _aNB | ||